00966cam a2200253 i 45000010009000000050017000090080041000260100017000670200018000840200018001020400044001200410008001642450119001722600032002913000018003234900065003416500040004066500057004466510052005036510046005557000037006017000031006387000043006691811476820190625122826.0190621s2014 gw 001 0 eng d a 2014012453 a9783631651087 z9783653041897 aCO-BoUCMbspacSaul NiñodSaul Niño0 aeng04aThe United States as a divided nationbpast and presentcMarcin Grabowski, Krystof Kozák, György Tóth (eds.) aFrankfurtbPeter Langc2014 a319 páginas0 aPrager Schriften zur Zeitgeschichte und zum Zeitgeschehenv7 7aCultura política zEstados unidos 7aCambio social xAspectos políticoszEstados Unidos 0aEstado UnidosxPolítica y gobiernoySiglo XXI 0aEstado UnidosxCaracteristicas nacionales1 aGrabowski, Marcind1980-eeditor1 aKozák, Kryštofeeditor1 aTóth, György Ferencd1976-eeditor